Los ejecutores / (Record no. 122520)

MARC details
000 -LEADER
campo de control de longitud fija 00545nam a2200193 4500
001 - NÚMERO DE CONTROL
campo de control 122520
003 - IDENTIFICADOR DE NÚMERO DE CONTROL
campo de control ES-MaACL
005 - FECHA Y HORA DE LA ÚLTIMA TRANSACCIÓN
campo de control 20240228185851.0
007 - CAMPO FIJO DE DESCRIPCIÓN FÍSICA--INFORMACIÓN GENERAL
campo de control de longitud fija t|
008 - DATOS DE LONGITUD FIJA--INFORMACIÓN GENERAL
campo de control de longitud fija 070214s1970 sp r ||||1| spa d
100 1# - ENTRADA PRINCIPAL--NOMBRE DE PERSONA
Nombre de persona Prior, Allan.
9 (RLIN) 93987
245 14 - MENCIÓN DEL TÍTULO
Título Los ejecutores /
Mención de responsabilidad, etc. Allan Prior ; versión José Manuel Pomares.
250 ## - MENCION DE EDICION
Mención de edición 1ª ed.
260 ## - PUBLICACIÓN, DISTRIBUCIÓN, ETC.
Lugar de publicación, distribución, etc. Barcelona :
Nombre del editor, distribuidor, etc. L. de Caralt,
Fecha de publicación, distribución, etc. 1970.
300 ## - DESCRIPCIÓN FÍSICA
Extensión 319 p. ;
Dimensiones 20 cm.
700 0# - ENTRADA AGREGADA--NOMBRE PERSONAL
Nombre de persona Pomares, José M.,
Fechas asociadas al nombre 1943-
9 (RLIN) 92903
852 ## - LOCALIZACIÓN
Ubicación ES-MaACL
Número de control de estantería C-39491
Sublocalización o colección R.75075
Holdings
Estatus retirado Estado de pérdida Estado de daño No para préstamo Biblioteca de origen Biblioteca actual Ubicación en estantería Fecha de adquisición Fuente de adquisición Total de préstamos Signatura topográfica completa Código de barras Visto por última vez Precio de reemplazo Tipo de ítem Koha
        Biblioteca del Ateneo de Madrid Biblioteca del Ateneo de Madrid Depósito 2 17/01/2008     C-39491 1127670 23/02/2023 23/02/2023 Libro impreso